| 000 | 00737nam a2200241Ia 4500 | ||
|---|---|---|---|
| 003 | OSt | ||
| 005 | 20220926005447.0 | ||
| 006 | a|||||r|||| 00| 0 | ||
| 007 | ta | ||
| 008 | 220923b |||||||| |||| 00| 0 eng d | ||
| 020 | _c50 00 | ||
| 037 |
_b597, 21/11/1987, Ajay _cGeneral Book |
||
| 040 |
_aRTL _cRTL _beng |
||
| 041 |
_2eng _aeng |
||
| 082 | _aX93:9.2.N8, M7 | ||
| 100 |
_aSingh N K _939194 |
||
| 245 | 0 | _aHuman resource development in Indian public sector | |
| 260 |
_a New Delhi _bStanding Conference of Public Enterprises India _c1987 |
||
| 300 |
_a75p _ccm. |
||
| 650 | _aPublic Sector Economics | ||
| 942 |
_hX93:9.2.N8, M7 _cGB _2CC |
||
| 999 |
_c613918 _d613918 |
||